Are you worthy of salvation? - Statistics

General Stats
  • This quiz has been taken 21 times
  • The average score is 12 of 15
Answer Stats
Hint Answer % Correct
Who is the first person created in the Bible? Adam
95%
(Yes/No) Did Jesus deny being the Son of God? No
86%
(Yes/No) Did Jesus have a pet? No
86%
Jesus was able to walk on... water
86%
(Yes/No) Did Jesus ever ride a donkey? Yes
86%
(Yes/No) Did Jesus perform a miracle using fish? Yes
86%
(Yes/No) Did Jesus ever talk to Satan? Yes
86%
Which book in the Bible tells the story of the creation of the world? Genesis
81%
Which apostle betrayed Jesus? Judas
81%
Which Old Testament figure parted the Red Sea? Moses
81%
What is the name of the place where Jesus was born? Bethlehem
76%
What is the name of the garden where Adam and Eve lived? Eden
76%
Who was swallowed by a big fish in the Bible? Jonah
76%
Which prayer is considered the most important in Catholic tradition? Our Father
57%
What is the last book of the Bible? Revelations
43%
No matching quizzes found
Score Distribution
Percent of People with Each Score
Percentile by Number Answered
Your Score History
You have not taken this quiz